Loading...
| Current Events | 1 | 10.00 | 100% | 0% | 0% |
| Fine Arts - Classical Music | 10 | 20.00 | 100% | 60% | 40% |
| Fine Arts - Other Fine Arts | 4 | 22.50 | 100% | 75% | 50% |
| Geography | 3 | 20.00 | 100% | 67% | 33% |
| History - American History | 5 | 24.00 | 100% | 100% | 40% |
| History - European History | 7 | 17.14 | 100% | 71% | 0% |
| History - Other History | 5 | 18.00 | 100% | 40% | 40% |
| History - World History | 6 | 21.67 | 100% | 100% | 17% |
| Literature - American Literature | 8 | 27.50 | 100% | 100% | 75% |
| Literature - British Literature | 6 | 21.67 | 100% | 83% | 33% |
| Literature - European Literature | 8 | 21.25 | 100% | 88% | 25% |
| Literature - World Literature | 6 | 25.00 | 100% | 100% | 50% |
| Mythology | 7 | 17.14 | 100% | 71% | 0% |
| Painting/Sculpture | 4 | 27.50 | 100% | 100% | 75% |
| Philosophy | 5 | 22.00 | 100% | 100% | 20% |
| Pop Culture | 4 | 25.00 | 100% | 100% | 50% |
| Religion | 4 | 20.00 | 100% | 75% | 25% |
| Science - Biology | 7 | 21.43 | 100% | 86% | 29% |
| Science - Chemistry | 8 | 15.00 | 100% | 50% | 0% |
| Science - Other Science | 5 | 18.00 | 80% | 80% | 20% |
| Science - Physics | 4 | 15.00 | 100% | 25% | 25% |
| Social Science | 4 | 17.50 | 100% | 50% | 25% |